|
|
|
|
| LEADER |
00000naa2a2200000 4500 |
| 001 |
626161 |
| 005 |
20240219155442.0 |
| 035 |
|
|
|a (RuTPU)RU\TPU\conf\25514
|
| 035 |
|
|
|a RU\TPU\conf\25507
|
| 090 |
|
|
|a 626161
|
| 100 |
|
|
|a 20180219d2017 k y0rusy50 ca
|
| 101 |
0 |
|
|a rus
|
| 102 |
|
|
|a RU
|
| 105 |
|
|
|a y z 101zy
|
| 135 |
|
|
|a drgn ---uucaa
|
| 181 |
|
0 |
|a i
|
| 182 |
|
0 |
|a b
|
| 200 |
1 |
|
|a Сравнение сложностей китайского и русского языков на примере терминологии химии
|f Ж. К. Иванова, Ю. В. Кобенко
|
| 203 |
|
|
|a Текст
|c электронный
|
| 300 |
|
|
|a Заглавие с титульного экрана
|
| 320 |
|
|
|a [Библиогр.: с. 34-35 (6 назв.)]
|
| 463 |
|
0 |
|0 (RuTPU)RU\TPU\conf\25487
|t Межкультурная коммуникация: теория и практика
|o сборник научных трудов XVII Международной научно-практической конференции "Лингвистические и культурологические традиции и инновации", Томск, 11-13 октября 2017 г.
|f Национальный исследовательский Томский политехнический университет (ТПУ) ; под ред. Д. М. Токмашева [и др.]
|v [С. 31-35]
|d 2017
|
| 610 |
1 |
|
|a труды учёных ТПУ
|
| 610 |
1 |
|
|a электронный ресурс
|
| 610 |
1 |
|
|a сложности
|
| 610 |
1 |
|
|a китайский язык
|
| 610 |
1 |
|
|a русский язык
|
| 610 |
1 |
|
|a терминология
|
| 610 |
1 |
|
|a химия
|
| 610 |
1 |
|
|a химические термины
|
| 700 |
|
1 |
|a Иванова
|b Ж. К.
|
| 701 |
|
1 |
|a Кобенко
|b Ю. В.
|c лингвист
|c профессор Томского политехнического университета, доктор филологических наук
|f 1977-
|g Юрий Викторович
|3 (RuTPU)RU\TPU\pers\24747
|9 10988
|
| 712 |
0 |
2 |
|a Национальный исследовательский Томский политехнический университет
|b Школа базовой инженерной подготовки
|b Отделение иностранных языков
|3 (RuTPU)RU\TPU\col\23510
|
| 801 |
|
2 |
|a RU
|b 63413507
|c 20180221
|g RCR
|
| 856 |
4 |
|
|u http://earchive.tpu.ru/handle/11683/46393
|
| 942 |
|
|
|c BK
|